|
|
|
|
| LEADER |
00621nam a22001937a 4500 |
| 999 |
|
|
|c 145462
|d 145462
|
| 020 |
|
|
|a 9788126046783
|
| 082 |
|
|
|a M1 (ITr.)
|b SIV/M
|
| 100 |
|
|
|a Siva Reddy
|
| 245 |
|
|
|a Mohini, o mohini/
|c by Siva Reddy
|
| 260 |
|
|
|a New Delhi:
|b Sahitya Akademi,
|c 2015.
|
| 300 |
|
|
|a 102p.
|
| 650 |
|
|
|a Poetry Translation Telengu
|
| 650 |
|
|
|a Poetry Malayalam
|
| 650 |
|
|
|a Literature Malayalam
|
| 650 |
|
|
|a Literature
|
| 700 |
|
|
|a L R Swami (tr.)
|
| 942 |
|
|
|c BK
|
| 952 |
|
|
|0 0
|1 0
|4 0
|6 M_1_000000000000000_ITR__SIV_M
|7 0
|9 103927
|a SSUS
|b SSUS
|c STACKS
|d 2020-11-02
|g 85.00
|o M1 (ITr.) SIV/M
|p 100794
|r 2020-11-02
|w 2020-11-02
|y BK
|